000 00688nam a2200229Ia 4500
008 220214s9999 xx 000 0 und d
100 _aObouayeba S
245 0 _aAdequation entrequantite de pate stimulante et production de caoutchouc d'Hevea brasiliensis dans le sud-est de la Cote d'Ivoire
260 _bTropicultura
_c1996
300 _a54-58
520 _aSummary in English
650 _aHevea brasiliensis
650 _aLength of tapping cut
650 _aMetabolic activity
650 _aProductivity
650 _aQuantity stimulation paste
650 _aRemanence
650 _aYield improvement ration
700 _aBoa D
700 _aKeli Z.J.
942 _cRE
999 _c45702
_d45702